Ο Θεόφιλος : το λαμπερό αστέρι της όμορφης Λέσβου : ο λαϊκός ζωγράφος Θεόφιλος Χατζημιχαήλ το ιστορικό και η περιγραφή του

Αποθηκεύτηκε σε:
Λεπτομέρειες βιβλιογραφικής εγγραφής
Κύριος συγγραφέας: Ανεμέλλης, Παναγιώτης Σ.
Μορφή: Βιβλίο
Γλώσσα:Greek
Δημοσίευση: Μυτιλήνη : [χ.ε], 2000
Θέματα:
Ετικέτες: Προσθήκη ετικέτας
Δεν υπάρχουν, Καταχωρήστε ετικέτα πρώτοι!

MARC

LEADER 00000cam a2200000 i 4500
001 1/23627
008 011112s2000 gre d
035 |l 10067700 
040 |a GR-MY-UA  |b gre  |e aacr 
041 0 |a gre 
082 0 |a 759.949582 
100 1 |a Ανεμέλλης, Παναγιώτης Σ. 
245 1 2 |a Ο Θεόφιλος :  |b το λαμπερό αστέρι της όμορφης Λέσβου : ο λαϊκός ζωγράφος Θεόφιλος Χατζημιχαήλ το ιστορικό και η περιγραφή του /  |c Παναγιώτης Ανεμέλλης 
260 |a Μυτιλήνη :   |b [χ.ε],   |c 2000 
300 |a 38σ.  |b φωτ. 
600 1 0 |a Χατζημιχαήλ, Θεόφιλος,   |d 1868-1934. 
650 0 |a Painters  |z Greece  |z Lesbos (Municipality) 
852 |a INST  |b LESVOS  |e 20011112  |h 759.949582 ΑΝΕ  |p 005100025161  |q 005100025161  |t BK  |y 0 
852 |a INST  |b LESVOS  |e 20011112  |h 759.949582 ΑΝΕ  |p 005100025162  |q 005100025162  |t BK  |y 0 
901 |a BIBL1-2002-3 
909 |a Λ  |b 099075 
909 |a Λ  |b 099076 
922 |a 1ΕΛΗ  |b 200111  |c ΤΑΚ/ΚΥΒ  |d ΣΦΕΤΟΥΔΗΣ 
950 |a 023-2001-11-02 
970 |a ΚΑΜΑΤΣΟΥ  |b ΔΕΣΠΟΙΝΑ  |z 2002/09/12